000 01495nam a2200265 i 4500
003 DO-SdBNP
005 20260515161938.0
007 ta
008 260515e2021 ¿dra|||gr|||||||| ||spa d
020 _a9789945301236.
040 _aDO-SdBNP
_bspa
_cBNPHU
_erda
041 _aspa
082 _2V145a 2021
_b22
100 _aValdez, Milton Fredy
_eautor
_989611
245 1 0 _aArqueología del feminicidio :
_bestudio en República Dominicana /
_cMilton Fredy Valdez.
264 1 _aSanto Domingo, República Dominicana :
_bMilton Fredy Valdez,
_c2021.
300 _avolumen :
_bilustraciones, tablas ;
_c22 x 15 cm.
336 _atexto
_btxt
_2rdacontent
337 _asin mediación
_bn
_2rdamedia
338 _avolumen
_bnc
_2rdacarrier
520 _aEn Arqueología del Feminicidio se explica de forma clara y precisa, qué sucede en la mente del sujeto feminicida. Según Schopenhauer: “Por naturaleza, el egoísmo no tiene límites. El hombre tiene sólo un deseo absoluto: conservar su existencia, librarse del dolor y de toda privación. Lo que quiere es el mayor bienestar, la posesión de todos los goces que puede imaginar, los cuales cambia y desarrolla de manera incesante. Por otro lado, existe un prototipo conductual en la mujer según Klein que incita de forma inconsciente el sadismo en el hombre. Y en ese sentido se produce una relación simbiótica.
590 _aInventariado, 2026/WG.
650 0 _aPsicología social
_91574
_zRepública Dominicana
942 _2ddc
_cLBS1
999 _c60759
_d60759